[Event "Kandidatklassen"]
[Site "Skorping"]
[Date "2017.04.17"]
[Round "7"]
[White "Christensen, Tobias Bent"]
[Black "Aabling Thomsen, Jakob"]
[Result "1/2-1/2"]
[WhiteElo "2361"]
[BlackElo "2384"]
[PlyCount "83"]
[EventDate "2017.04.11"]

1. e4 g6 2. d4 Bg7 3. c4 d6 4. Nf3 Nf6 5. Nc3 O-O 6. Be2 c6 7. Be3 Nbd7 8. Qd2
Re8 9. O-O-O e5 10. dxe5 dxe5 11. Ne1 Qc7 12. Nc2 Nf8 13. f3 Ne6 14. Qd6 Qa5
15. b4 Qc7 16. c5 Bf8 17. Qxc7 Nxc7 18. Bc4 Be6 19. Bxe6 Nxe6 20. Kb2 b6 21.
Na4 b5 22. Nc3 a5 23. a3 a4 24. g4 Rad8 25. Ne2 h5 26. h3 Be7 27. Rhg1 Kg7 28.
Rxd8 Rxd8 29. Ng3 hxg4 30. hxg4 Nh7 31. Ne1 Nhg5 32. Kc2 Nd4+ 33. Bxd4 Rxd4 34.
Rf1 Ne6 35. Ne2 Rd8 36. Nd3 Bg5 37. Rd1 f6 38. f4 exf4 39. Ndxf4 Bxf4 40. Nxf4
Rxd1 41. Nxe6+ Kf7 42. Ng5+ 1/2-1/2

[Event "Kandidatklassen"]
[Site "Skorping"]
[Date "2017.04.17"]
[Round "7"]
[White "Rostgaard, Tobias Valentin"]
[Black "Boe Olsen, Filip"]
[Result "1-0"]
[WhiteElo "2359"]
[BlackElo "2197"]
[PlyCount "85"]
[EventDate "2017.04.11"]

1. e4 c6 2. d4 d5 3. Nd2 dxe4 4. Nxe4 Bf5 5. Ng3 Bg6 6. Bc4 e6 7. N1e2 Bd6 8.
h4 h6 9. Nf4 Bxf4 10. Bxf4 Nf6 11. Qe2 Nbd7 12. O-O-O Nd5 13. Bd2 N7f6 14. h5
Bh7 15. Bd3 Bxd3 16. Qxd3 b5 17. Ne4 O-O 18. f3 a5 19. Kb1 Qe7 20. g4 Nh7 21.
Nc5 Qd6 22. f4 Nxf4 23. Qg3 e5 24. dxe5 Qxc5 25. Bxf4 Rfe8 26. Rde1 Qe7 27.
Rhf1 a4 28. a3 Rad8 29. Re3 c5 30. Ref3 Rd7 31. Qf2 Red8 32. Qe2 c4 33. Bc1 Qe6
34. Rf5 Rb8 35. Qf3 Re8 36. g5 hxg5 37. Bxg5 Rc8 38. Rg1 Qb6 39. Qg3 Qe6 40.
Bf6 g6 41. hxg6 fxg6 42. Qxg6+ Kf8 43. Bh4+ 1-0

[Event "Kandidatklassen"]
[Site "Skorping"]
[Date "2017.04.17"]
[Round "7"]
[White "Bjerre, Jonas Buhl"]
[Black "Laursen, Niels Norskov"]
[Result "1-0"]
[WhiteElo "2342"]
[BlackElo "2316"]
[PlyCount "65"]
[EventDate "2017.04.11"]

1. e4 c5 2. Nf3 e6 3. d4 cxd4 4. Nxd4 a6 5. Bd3 Nf6 6. O-O Qc7 7. Qe2 d6 8. c4
g6 9. Nc3 Bg7 10. Be3 O-O 11. Rac1 Nbd7 12. Rfd1 Ne5 13. f3 b6 14. b3 Bb7 15.
Qd2 Nxd3 16. Qxd3 Rfe8 17. Nde2 Bf8 18. Na4 Nd7 19. Bf4 Nc5 20. Nxc5 Qxc5+ 21.
Be3 Qc6 22. b4 f5 23. exf5 gxf5 24. Nf4 b5 25. Nh5 Be7 26. c5 dxc5 27. Bxc5
Red8 28. Qc3 Bf8 29. Qe3 Bxc5 30. bxc5 Kf7 31. Qe5 Rg8 32. Qf6+ Ke8 33. Ng7+
1-0

[Event "Kandidatklassen"]
[Site "Skorping"]
[Date "2017.04.17"]
[Round "7"]
[White "Heimisson, Hilmir Freyr"]
[Black "Ramsdal, Jens Albert"]
[Result "0-1"]
[WhiteElo "2152"]
[BlackElo "2204"]
[PlyCount "84"]
[EventDate "2017.04.11"]

1. d4 Nf6 2. c4 g6 3. Nc3 Bg7 4. e4 d6 5. Be2 O-O 6. Bg5 c5 7. d5 h6 8. Bf4 b5
9. cxb5 Qa5 10. Qd2 a6 11. f3 Kh7 12. Rc1 axb5 13. Bxb5 Nh5 14. Nge2 Nxf4 15.
Qxf4 Ba6 16. a4 Bxb5 17. axb5 Nd7 18. O-O Ne5 19. Qh4 Bf6 20. Qg3 Nc4 21. f4
Nxb2 22. e5 Bg7 23. h4 Qc7 24. e6 f5 25. h5 gxh5 26. Rb1 Nc4 27. Rfd1 Ra3 28.
Rd3 Qa5 29. Rc1 Ra1 30. Rxa1 Qxa1+ 31. Kh2 Ne5 32. fxe5 Bxe5 33. Nf4 Rg8 34.
Qf2 Bxc3 35. Nxh5 Rg5 36. Qf3 Be5+ 37. g3 Qb2+ 38. Kh3 c4 39. Ra3 Qc1 40. Ra2
Qb1 41. Re2 c3 42. Rxe5 Rxh5+ 0-1

[Event "Kandidatklassen"]
[Site "Skorping"]
[Date "2017.04.17"]
[Round "7"]
[White "Jensen, Jacob Bjerre"]
[Black "Akdag, Dara Sevkan"]
[Result "0-1"]
[WhiteElo "2122"]
[BlackElo "2235"]
[PlyCount "124"]
[EventDate "2017.04.11"]

1. d4 Nf6 2. c4 c5 3. d5 b5 4. cxb5 a6 5. b6 d6 6. Nc3 g6 7. e4 Bg7 8. a4 Qxb6
9. a5 Qa7 10. Bc4 O-O 11. Nge2 Nbd7 12. f4 Rb8 13. h3 Rb4 14. Qd3 Ne8 15. O-O
Nc7 16. Kh1 Rb8 17. Ra2 Nb5 18. Be3 Nd4 19. Rd1 Nb5 20. b3 Nf6 21. Rb1 Bd7 22.
b4 Nh5 23. Bxb5 axb5 24. g4 Nf6 25. e5 Nxg4 26. hxg4 Bxg4 27. bxc5 Bf5 28. Ne4
dxc5 29. N2g3 Bg4 30. Bxc5 Qd7 31. a6 h5 32. a7 Ra8 33. Nc3 Rfc8 34. Rxb5 g5
35. Rab2 Qc7 36. Nf5 Bf8 37. Na4 Rxa7 38. Bxa7 Qxa7 39. Nb6 Rc1+ 40. Kh2 Qc7
41. Ne3 Bf3 42. Rc2 Rh1+ 43. Kg3 gxf4+ 44. Kxf3 Qxe5 45. Rg2+ Kh8 46. Nbc4 Rh3+
47. Kf2 Qf6 48. Rb8 Qh4+ 49. Kf1 Rh1+ 50. Rg1 Qh3+ 51. Kf2 Qh2+ 52. Rg2 fxe3+
53. Nxe3 Qxb8 54. Qc3+ f6 55. Qc2 Qf4+ 56. Ke2 Rh3 57. Nf1 Qe5+ 58. Kf2 Qd4+
59. Ke1 Rc3 60. Qg6 Rc1+ 61. Ke2 Qd1+ 62. Ke3 Rc3+ 0-1

[Event "Kandidatklassen"]
[Site "Skorping"]
[Date "2017.04.17"]
[Round "7"]
[White "Kolbak, Jens"]
[Black "Thogersen, Rasmus"]
[Result "0-1"]
[WhiteElo "2216"]
[BlackElo "2208"]
[PlyCount "108"]
[EventDate "2017.04.11"]

1. e4 c5 2. Nf3 d6 3. Bb5+ Bd7 4. Bxd7+ Qxd7 5. O-O Nf6 6. Re1 Nc6 7. c3 e6 8.
d3 Be7 9. Nbd2 O-O 10. a4 Qc7 11. Nf1 a6 12. Bf4 b5 13. h3 Rfb8 14. axb5 axb5
15. d4 cxd4 16. Nxd4 Nxd4 17. cxd4 Qc4 18. Rc1 Qb4 19. Rc7 Bf8 20. Bg5 Ne8 21.
Rc2 h6 22. Be3 Nf6 23. Qd2 d5 24. e5 Nd7 25. Qxb4 Bxb4 26. Bd2 Ra4 27. Bc3 Bxc3
28. bxc3 b4 29. Rb1 Rc8 30. Ng3 Rxc3 31. Rxc3 bxc3 32. Ne2 c2 33. Rc1 Rc4 34.
f4 Nb8 35. Kf2 Nc6 36. Ke3 g5 37. fxg5 hxg5 38. g4 Kf8 39. Kd3 Ke7 40. Ke3 f6
41. exf6+ Kxf6 42. Rf1+ Ke7 43. Kd2 Nxd4 44. Nxd4 c1=Q+ 45. Rxc1 Rxd4+ 46. Ke2
Kd6 47. Rc8 Ke5 48. Kf3 Rf4+ 49. Kg3 d4 50. Rg8 Ke4 51. Rxg5 e5 52. Rg8 d3 53.
g5 d2 54. Rd8 Rf3+ 0-1

[Event "Kandidatklassen"]
[Site "Skorping"]
[Date "2017.04.17"]
[Round "7"]
[White "Kragh, Niels Kristian"]
[Black "Kristensen, Bjarke Hautop"]
[Result "1/2-1/2"]
[WhiteElo "2124"]
[BlackElo "2055"]
[PlyCount "29"]
[EventDate "2017.04.11"]

1. e4 c5 2. Nf3 e6 3. d4 cxd4 4. Nxd4 a6 5. Bd3 Qc7 6. O-O Nc6 7. Nxc6 bxc6 8.
Nc3 d5 9. f4 Bc5+ 10. Kh1 Nf6 11. Qf3 Bb7 12. e5 Nd7 13. Na4 Ba7 14. b3 Nc5 15.
Nxc5 1/2-1/2

[Event "Kandidatklassen"]
[Site "Skorping"]
[Date "2017.04.17"]
[Round "7"]
[White "Christensen, Janus"]
[Black "Petersen, Steen Brustrup"]
[Result "1/2-1/2"]
[WhiteElo "2212"]
[BlackElo "2131"]
[PlyCount "102"]
[EventDate "2017.04.11"]

1. d4 d5 2. c4 c6 3. Nf3 Nf6 4. g3 e6 5. Bg2 a6 6. O-O b5 7. c5 Nbd7 8. Nc3 Be7
9. Bf4 h6 10. Ne5 Nxe5 11. Bxe5 Nd7 12. f4 f5 13. Bxg7 Rh7 14. Be5 Nxe5 15.
fxe5 Kd7 16. b4 a5 17. a3 Bg5 18. Qd3 Bb7 19. g4 axb4 20. axb4 Rxa1 21. Rxa1
Rf7 22. Nxb5 cxb5 23. Qxb5+ Ke7 24. Qxb7+ Kf8 25. Qc6 Be3+ 26. Kh1 Qh4 27. Rf1
fxg4 28. Qxe6 Rxf1+ 29. Bxf1 Qf2 30. Qf6+ Qxf6 31. exf6 Bxd4 32. Bg2 Kf7 33. c6
Bb6 34. Bxd5+ Kxf6 35. Kg2 Bc7 36. Bc4 Ke5 37. b5 Kf4 38. Bf7 Bb6 39. e3+ Kg5
40. Kf2 h5 41. Ke2 h4 42. Kd3 Kf6 43. Bd5 Ke5 44. Bg2 Bc7 45. Kc4 Bb6 46. c7
Bxc7 47. Kc5 h3 48. Bb7 Kf5 49. Bc8+ Ke4 50. Bxg4 Kxe3 51. Bxh3 Bxh2 1/2-1/2

[Event "Kandidatklassen"]
[Site "Skorping"]
[Date "2017.04.17"]
[Round "7"]
[White "Rossen, Claus"]
[Black "Jepsen, Thomas Stausholm"]
[Result "1/2-1/2"]
[WhiteElo "2190"]
[BlackElo "2162"]
[PlyCount "143"]
[EventDate "2017.04.11"]

1. e4 d5 2. d4 dxe4 3. Nc3 e5 4. dxe5 Qxd1+ 5. Kxd1 Bf5 6. Nd5 Na6 7. Bxa6
O-O-O 8. Bd2 Rxd5 9. Bc4 Rxe5 10. Bxf7 Nh6 11. Bc4 Ng4 12. Nh3 e3 13. fxe3
Nxe3+ 14. Bxe3 Rxe3 15. Kd2 Bc5 16. Rae1 Rhe8 17. Rxe3 Bxe3+ 18. Kc3 Be4 19.
Re1 Bg6 20. Rf1 Rd8 21. Nf4 Bd2+ 22. Kb3 Be8 23. c3 b5 24. Be6+ Kb7 25. Bf5 Be3
26. Ne6 Rd2 27. Re1 Bf2 28. Nc5+ Bxc5 29. Rxe8 a5 30. a3 a4+ 31. Ka2 Bd6 32. h3
Kb6 33. Be4 h6 34. Bf3 Rf2 35. Re2 Rf1 36. c4 b4 37. axb4 Bxb4 38. Re8 Rf2 39.
Re2 Rf1 40. Re6+ Bd6 41. b4 axb3+ 42. Kxb3 Kc5 43. Kc2 Ra1 44. Bd5 Ra3 45. Kb2
Rg3 46. Kc2 Kb4 47. Re8 Bc5 48. Kd2 Ra3 49. Rd8 Be3+ 50. Ke2 Bd4 51. Rb8+ Kc5
52. Rb5+ Kd6 53. Bf3 c5 54. Rb8 Ke7 55. Rb6 Be5 56. Bd5 Bd6 57. Rb7+ Kf6 58.
Rf7+ Kg6 59. Rd7 Be5 60. Be4+ Kf6 61. Rd3 Bc3 62. Rd5 Bd4 63. Bd3 Ra2+ 64. Kf3
Rf2+ 65. Kg3 Rd2 66. Be4 g5 67. Kg4 Re2 68. Rf5+ Kg7 69. Bd5 Kg6 70. Bf7+ Kg7
71. Bd5 Kg6 72. Bf7+ 1/2-1/2

[Event "Kandidatklassen"]
[Site "Skorping"]
[Date "2017.04.17"]
[Round "7"]
[White "Hoyer, Jacob K"]
[Black "Thuesen, Mogens Henrik"]
[Result "0-1"]
[WhiteElo "2213"]
[BlackElo "2192"]
[PlyCount "86"]
[EventDate "2017.04.11"]

1. d4 Nf6 2. Nf3 g6 3. c4 Bg7 4. Nc3 O-O 5. e4 d6 6. Be2 e5 7. Be3 Nc6 8. d5
Ne7 9. Nd2 c5 10. O-O Ne8 11. a3 f5 12. f3 f4 13. Bf2 g5 14. b4 b6 15. g4 fxg3
16. hxg3 Bh3 17. Re1 g4 18. fxg4 Ng6 19. Bf1 Qf6 20. Qe2 Bxg4 21. Qe3 Bh6 22.
Qxh6 Qxf2+ 23. Kh1 Bf3+ 24. Nxf3 Qxf3+ 25. Bg2 Qxc3 26. Rf1 Ng7 27. bxc5 bxc5
28. Kh2 Qxc4 29. Rab1 Rxf1 30. Rxf1 Qe2 31. Rf6 Rd8 32. Rf3 c4 33. Qg5 Rf8 34.
Qg4 Rxf3 35. Qxf3 Qxf3 36. Bxf3 c3 37. Bd1 Nf8 38. Kg2 Nd7 39. Kf2 Nc5 40. Ke3
Kf7 41. Bf3 Kf6 42. Ke2 Kg5 43. Kd1 Nh5 0-1

[Event "Kandidatklassen"]
[Site "Skorping"]
[Date "2017.04.17"]
[Round "7"]
[White "Lauridsen, Jesper Morch"]
[Black "Davidsen, Niels Chr"]
[Result "1-0"]
[WhiteElo "2289"]
[BlackElo "1952"]
[PlyCount "61"]
[EventDate "2017.04.11"]

1. d4 d6 2. e4 Nf6 3. Nc3 g6 4. f4 Bg7 5. Nf3 O-O 6. e5 dxe5 7. dxe5 Qxd1+ 8.
Kxd1 Ng4 9. Ke1 c6 10. Bc4 a5 11. Bb3 Na6 12. h3 Nh6 13. Be3 Re8 14. Bb6 Nb8
15. Ng5 e6 16. a4 Nd7 17. Bf2 b6 18. Rd1 Bf8 19. Nce4 Kg7 20. Nf6 Nxf6 21.
exf6+ Kg8 22. Bxb6 e5 23. Kf2 exf4 24. Rhe1 Ba6 25. Rd7 Rxe1 26. Kxe1 Re8+ 27.
Kd1 Bc8 28. Rxf7 Be6 29. Bxe6 Rxe6 30. Rxf8+ Kxf8 31. Nxe6+ 1-0

[Event "Kandidatklassen"]
[Site "Skorping"]
[Date "2017.04.17"]
[Round "7"]
[White "Vangsgaard, Freja"]
[Black "Thybo, Thomas Sondergaard"]
[Result "1/2-1/2"]
[WhiteElo "2060"]
[BlackElo "2039"]
[PlyCount "161"]
[EventDate "2017.04.11"]

1. d4 Nf6 2. c4 g6 3. Nc3 Bg7 4. Nf3 O-O 5. Bg5 c5 6. e3 h6 7. Bh4 cxd4 8. exd4
g5 9. Bg3 d5 10. c5 Nc6 11. Ne5 Ne4 12. Nxc6 bxc6 13. Qa4 Nxg3 14. hxg3 Qc7 15.
O-O-O Bf5 16. Bd3 Bxd3 17. Rxd3 Rab8 18. Ne2 a5 19. f4 Rb4 20. Qc2 g4 21. a3
Rb7 22. Nc3 Qd7 23. Rdd1 Qe6 24. Rhe1 Qg6 25. Na4 Bf6 26. Qxg6+ fxg6 27. Nb6
Rfb8 28. Kc2 Kf7 29. Rh1 Rh8 30. Kc3 Ra7 31. b3 Kg7 32. Rde1 Kf7 33. Re2 Bg7
34. Rhe1 Rb8 35. Re6 Rc7 36. R6e3 Rbb7 37. Rh1 Ra7 38. Ree1 Rab7 39. Rh4 Rb8
40. Rf1 Rh8 41. Rhh1 Rb8 42. Ra1 Rbb7 43. Ra2 Ra7 44. Rb1 Ke6 45. Re2+ Kf7 46.
Na4 Rcb7 47. Nb2 Rb5 48. Nd3 Rb8 49. Ne5+ Bxe5 50. Rxe5 Rab7 51. Re2 Kf6 52.
Reb2 Ra8 53. Re1 Rab8 54. Re3 Ra7 55. Rbe2 Rc7 56. Re6+ Kf7 57. Kc2 Rg8 58.
R2e5 h5 59. Re1 Rh8 60. R6e5 Kf6 61. Rf1 e6 62. Rfe1 Re7 63. Rb1 Rb8 64. Re3
Reb7 65. Kb2 Rb5 66. Ka2 R8b7 67. b4 a4 68. Rbe1 Re7 69. Re5 Kf7 70. Rg5 Rbb7
71. Kb2 Kf6 72. Kc3 Rb5 73. Rh1 Ra7 74. Re5 Re7 75. Kd3 Rbb7 76. Rhe1 Rb8 77.
Rb1 Rb5 78. Kc3 Rh7 79. Re2 Re7 80. Reb2 Rh7 81. Re1 1/2-1/2